[Event "AUT-ch U16"]
[Site "St Veit"]
[Date "2017.04.12"]
[Round "6"]
[White "Weissensteiner, Lukas"]
[Black "Blohberger, Felix"]
[Result "0-1"]
[WhiteElo "1877"]
[BlackElo "2282"]
[PlyCount "71"]
[EventDate "2017.04.09"]
[EventType "swiss"]
[EventRounds "7"]
[EventCountry "AUT"]
[SourceTitle "CBM 178 Extra"]
[Source "ChessBase"]
[SourceDate "2017.06.22"]
[SourceVersion "1"]
[SourceVersionDate "2017.06.22"]
[SourceQuality "1"]

1. Nf3 Nf6 2. c4 e6 3. g3 d5 4. Bg2 dxc4 5. Qa4+ Bd7 6. Qxc4 c5 7. Ne5 Qc8 8. Nc3 Nc6 9. Nxd7 Qxd7 10. 0-0 Rc8 11. d3 Be7 12. Be3 0-0 13. Rac1 Nd4 14. a4 Rfd8 15. b4 Nd5 16. Qa2 Nxc3 17. Rxc3 cxb4 18. Rxc8 Rxc8 19. Qb2 e5 20. Bxd4 exd4 21. Rc1 Rc3 22. e3 Rxc1+ 23. Qxc1 dxe3 24. fxe3 Qxd3 25. Bf1 Qd7 26. Bb5 Qe6 27. Bc4 Qe5 28. Bb3 Bc5 29. Kf2 g6 30. Qd2 Kg7 31. Qd5 Qxe3+ 32. Kg2 Qf2+ 33. Kh3 Qf1+ 34. Kg4 h5+ 35. Kh4 Be7+ 36. Qg5 0-1

[Event "AUT-ch U16"]
[Site "St Veit"]
[Date "2017.04.11"]
[Round "5"]
[White "Weissensteiner, Lukas"]
[Black "Morgunov, Daniel"]
[Result "1-0"]
[WhiteElo "1877"]
[BlackElo "2136"]
[PlyCount "79"]
[EventDate "2017.04.09"]
[EventType "swiss"]
[EventRounds "7"]
[EventCountry "AUT"]
[SourceTitle "CBM 178 Extra"]
[Source "ChessBase"]
[SourceDate "2017.06.22"]
[SourceVersion "1"]
[SourceVersionDate "2017.06.22"]
[SourceQuality "1"]

1. Nf3 Nf6 2. c4 g6 3. Nc3 Bg7 4. e4 d6 5. d4 0-0 6. Be2 Bg4 7. 0-0 Nfd7 8. Bg5 h6 9. Be3 c5 10. dxc5 Nxc5 11. Qd2 Kh7 12. Ng5+ hxg5 13. Bxg4 Bxc3 14. Qxc3 Nxe4 15. Qb3 Nd7 16. Qxb7 Ndc5 17. Qd5 Rb8 18. b3 e6 19. Qd4 e5 20. Qd5 Qc7 21. Bf3 f5 22. Bxe4 Nxe4 23. Rad1 Rbd8 24. Rd3 Kg7 25. Bd2 Qe7 26. Bb4 g4 27. f3 gxf3 28. Rfxf3 Rh8 29. Rh3 Qg5 30. Ba3 Qe7 31. Rxh8 Kxh8 32. c5 Qc7 33. h3 Qa5 34. b4 Qb5 35. Bb2 Re8 36. cxd6 Qb6+ 37. Kh2 Kg7 38. d7 Rf8 39. Bxe5+ Nf6 40. d8Q 1-0

[Event "Steyr Landesliga 1617"]
[Site "Austria"]
[Date "2016.11.05"]
[Round "4.8"]
[White "Weissensteiner, Lukas"]
[Black "Schneidhofer, Dominik"]
[Result "1-0"]
[WhiteElo "1780"]
[BlackElo "1349"]
[PlyCount "91"]
[EventDate "2016.10.01"]
[EventType "team-tourn"]
[EventRounds "11"]
[EventCountry "AUT"]
[SourceTitle "EXT 2018"]
[Source "ChessBase"]
[SourceDate "2017.10.13"]
[SourceVersion "1"]
[SourceVersionDate "2017.10.13"]
[SourceQuality "1"]
[WhiteTeam "Frauental Strassenbahn"]
[BlackTeam "Ratten Krieglach"]
[WhiteTeamCountry "AUT"]
[BlackTeamCountry "AUT"]

1. e4 c5 2. d4 cxd4 3. Nf3 Nc6 4. Nxd4 Nf6 5. Nc3 e5 6. Ndb5 d6 7. Nd5 Nxd5 8. exd5 Nb8 9. c3 Nd7 10. Qa4 a6 11. Be3 Be7 12. Na7 0-0 13. Nxc8 Rxc8 14. Be2 f5 15. f4 Nf6 16. 0-0-0 Ne4 17. Rhf1 Qc7 18. Qb3 Nc5 19. Bxc5 Qxc5 20. Rf3 b5 21. Kb1 Kh8 22. fxe5 dxe5 23. Rdf1 g6 24. h4 Rcd8 25. c4 b4 26. h5 Qd6 27. Rh3 g5 28. Rhf3 f4 29. Bd3 Bf6 30. Be4 Rd7 31. R3f2 Bd8 32. Qh3 Rdf7 33. Bg6 Rf6 34. Rh1 Qc7 35. Rc2 a5 36. c5 Qa7 37. Be4 Rg8 38. Qg4 h6 39. d6 a4 40. Bd5 Rg7 41. Qc8 Qa5 42. Rd1 g4 43. Be6 Rf8 44. c6 b3 45. Rc3 Ra7 46. c7 1-0

[Event "Steyr Landesliga 1617"]
[Site "Austria"]
[Date "2016.10.15"]
[Round "2.8"]
[White "Weissensteiner, Lukas"]
[Black "Brandstetter, Dieter"]
[Result "1/2-1/2"]
[WhiteElo "1780"]
[BlackElo "2011"]
[PlyCount "27"]
[EventDate "2016.10.01"]
[EventType "team-tourn"]
[EventRounds "11"]
[EventCountry "AUT"]
[SourceTitle "CBM 175 Extra"]
[Source "ChessBase"]
[SourceDate "2016.12.12"]
[SourceVersion "1"]
[SourceVersionDate "2016.12.12"]
[SourceQuality "1"]
[WhiteTeam "Frauental Strassenbahn"]
[BlackTeam "Schachfreunde"]
[WhiteTeamCountry "AUT"]
[BlackTeamCountry "AUT"]

1. Nf3 d5 2. g3 Nf6 3. Bg2 c6 4. 0-0 Bf5 5. c4 e6 6. d3 h6 7. Bf4 Bd6 8. Bxd6 Qxd6 9. Nbd2 0-0 10. d4 Nbd7 11. Qb3 a5 12. cxd5 exd5 13. Rac1 Qb4 14. Rc3 1/2-1/2

[Event "Steyr Landesliga 1516"]
[Site "Austria"]
[Date "2016.04.09"]
[Round "10.8"]
[White "Handler, Franz"]
[Black "Weissensteiner, Lukas"]
[Result "1/2-1/2"]
[WhiteElo "1833"]
[BlackElo "1630"]
[PlyCount "51"]
[EventDate "2015.09.26"]
[EventType "team-tourn"]
[EventRounds "11"]
[EventCountry "AUT"]
[SourceTitle "EXT 2017"]
[Source "ChessBase"]
[SourceDate "2016.10.25"]
[SourceVersion "1"]
[SourceVersionDate "2016.10.25"]
[SourceQuality "1"]
[WhiteTeam "Fuerstenfeld/Hartberg"]
[BlackTeam "Frauental Strassenbahn"]
[WhiteTeamCountry "AUT"]
[BlackTeamCountry "AUT"]

1. d4 Nf6 2. Nf3 e6 3. Bg5 b6 4. e3 Bb7 5. Bd3 Be7 6. 0-0 0-0 7. Nbd2 c5 8. c3 Nc6 9. Rc1 h6 10. Bh4 Rc8 11. Re1 d6 12. Qe2 Qd7 13. Red1 Rfd8 14. Bb1 Qe8 15. Qd3 Kf8 16. Bxf6 Bxf6 17. Qh7 Ke7 18. Ne4 Qg8 19. Nxf6 gxf6 20. Qxg8 Rxg8 21. Ne1 f5 22. g3 Rcd8 23. Bd3 Nb8 24. Be2 Nd7 25. Bd3 Nf6 26. Be2 1/2-1/2

[Event "Steyr Landesliga 1516"]
[Site "Austria"]
[Date "2016.03.05"]
[Round "8.8"]
[White "Schloffer, Jasmin Denise"]
[Black "Weissensteiner, Lukas"]
[Result "1-0"]
[WhiteElo "1856"]
[BlackElo "1630"]
[PlyCount "111"]
[EventDate "2015.09.26"]
[EventType "team-tourn"]
[EventRounds "11"]
[EventCountry "AUT"]
[SourceTitle "EXT 2017"]
[Source "ChessBase"]
[SourceDate "2016.10.25"]
[SourceVersion "1"]
[SourceVersionDate "2016.10.25"]
[SourceQuality "1"]
[WhiteTeam "Feldbach Kirchberg"]
[BlackTeam "Frauental Strassenbahn"]
[WhiteTeamCountry "AUT"]
[BlackTeamCountry "AUT"]

1. d4 Nf6 2. c4 e6 3. Nc3 c5 4. d5 exd5 5. cxd5 d6 6. e4 g6 7. f4 Bg7 8. e5 Nfd7 9. Ne4 dxe5 10. Nd6+ Ke7 11. Nxc8+ Qxc8 12. f5 Re8 13. Nf3 Kf8 14. Ng5 Nf6 15. fxg6 hxg6 16. Qb3 Rd8 17. Bc4 Rd6 18. 0-0 Nbd7 19. Qf3 Qe8 20. Be3 a6 21. a4 Rc8 22. a5 Kg8 23. Qh3 Nf8 24. Ra3 Rc7 25. Qf3 Qc8 26. h3 N8h7 27. Nxh7 Nxh7 28. Qg3 Nf8 29. Rb3 Nd7 30. Ra3 Nf8 31. Bg5 Rcd7 32. Raf3 f5 33. Bd2 e4 34. Rb3 Bd4+ 35. Kh1 Kh7 36. Bf4 Rf6 37. Bg5 Rfd6 38. Qh4+ Kg8 39. Be7 Rxd5 40. Bxd5+ Rxd5 41. Bxf8 Qxf8 42. Rxb7 Bg7 43. Qg3 Kh7 44. Rb6 Qf7 45. b3 Rd3 46. Qh4+ Kg8 47. Rxa6 Rxb3 48. Qd8+ Kh7 49. Rb6 Qc4 50. Rd1 Rd3 51. Qh4+ Kg8 52. Rdb1 Qf7 53. a6 e3 54. Rb7 Qd5 55. Rb8+ Bf8 56. Rxf8+ 1-0

[Event "AUT-ch U14"]
[Site "Woerth"]
[Date "2015.05.24"]
[Round "3.3"]
[White "Weissensteiner, Lukas"]
[Black "Blohberger, Felix"]
[Result "0-1"]
[WhiteElo "1739"]
[BlackElo "1864"]
[PlyCount "130"]
[EventDate "2015.05.23"]
[EventType "swiss"]
[EventRounds "7"]
[EventCountry "AUT"]
[SourceTitle "EXT 2024"]
[Source "ChessBase"]
[SourceDate "2023.10.10"]
[SourceVersion "1"]
[SourceVersionDate "2023.10.10"]
[SourceQuality "1"]

1. e4 c5 2. Nf3 a6 3. d4 cxd4 4. Nxd4 Nf6 5. Nc3 e5 6. Nf5 d5 7. Ng3 Bb4 8. Bd2 d4 9. Nce2 Bc5 10. Nc1 Nc6 11. Bc4 0-0 12. Nd3 Bd6 13. 0-0 b5 14. Bb3 Na5 15. Bxa5 Qxa5 16. f4 exf4 17. Nxf4 Qc7 18. Nd5 Nxd5 19. Bxd5 Bxg3 20. hxg3 Bb7 21. Bxb7 Qxb7 22. Qxd4 Qc7 23. Qf2 Qe5 24. c3 Qxe4 25. Rae1 Qc4 26. a3 Qc7 27. Qf4 Rac8 28. Qxc7 Rxc7 29. Rf4 Rb8 30. a4 f6 31. Rb4 Rcb7 32. axb5 Rxb5 33. Rxb5 Rxb5 34. b4 a5 35. bxa5 Rxa5 36. Kf2 Kf7 37. Re3 h5 38. Ke2 Ra2+ 39. Kf3 Rc2 40. Rd3 Ke6 41. Re3+ Kf5 42. Rd3 g5 43. Rd5+ Kg6 44. Rc5 g4+ 45. Kf4 Rf2+ 46. Ke4 Rxg2 47. c4 Rxg3 48. Rc8 f5+ 49. Ke5 Re3+ 50. Kd4 Re4+ 51. Kd3 h4 52. c5 Kf6 53. Rf8+ Kg5 54. c6 Re7 55. Kd4 h3 56. Rh8 f4 57. Kd5 g3 58. Rxh3 g2 59. Rh8 f3 60. Kd6 Rg7 61. c7 Rxc7 62. Kxc7 Kf4 63. Rg8 Ke3 64. Kd6 Kf2 65. Ke5 g1Q 0-1

[Event "AUT-ch U14"]
[Site "Woerth"]
[Date "2015.05.23"]
[Round "2.1"]
[White "Weissensteiner, Lukas"]
[Black "Morgunov, Daniel"]
[Result "0-1"]
[WhiteElo "1739"]
[BlackElo "2036"]
[PlyCount "198"]
[EventDate "2015.05.23"]
[EventType "swiss"]
[EventRounds "7"]
[EventCountry "AUT"]
[SourceTitle "EXT 2024"]
[Source "ChessBase"]
[SourceDate "2023.10.10"]
[SourceVersion "1"]
[SourceVersionDate "2023.10.10"]
[SourceQuality "1"]

1. e4 c5 2. Nf3 e6 3. d4 cxd4 4. Nxd4 a6 5. Be3 Qc7 6. c4 Nf6 7. Nc3 d6 8. f3 Be7 9. Be2 0-0 10. 0-0 Nc6 11. Rc1 Bd8 12. b3 Qe7 13. Kh1 Bc7 14. Qd2 Rd8 15. f4 Bd7 16. Bf3 Nxd4 17. Bxd4 Bc6 18. Qc2 Rac8 19. Rcd1 Ba5 20. a3 e5 21. Be3 Bxc3 22. Qxc3 Bxe4 23. Qb4 Bxf3 24. Rxf3 e4 25. Rf2 Ng4 26. Re2 Qh4 27. Bg1 Qe7 28. Red2 Rc6 29. c5 e3 30. Rxd6 Rcxd6 31. cxd6 Nf2+ 32. Bxf2 exf2 33. Rf1 Rxd6 34. Qc5 Rd7 35. Qc1 Rc7 36. Qd1 Rc8 37. Rxf2 Qxa3 38. Rd2 h6 39. Rd8+ Rxd8 40. Qxd8+ Kh7 41. Qd3+ g6 42. Qb1 a5 43. h3 Qc5 44. Qe4 b5 45. Kh2 Qd6 46. Kg3 Qe6 47. Qd3 a4 48. bxa4 bxa4 49. Kh2 Qb3 50. Qd4 a3 51. Qe5 Qe6 52. Qa1 a2 53. Qb2 Qa6 54. Qa1 Qa3 55. h4 Qb3 56. Qf6 Qd5 57. Qa1 Kg8 58. Qb2 Qa8 59. Qa1 Qa4 60. h5 Qxf4+ 61. Kh1 Qd2 62. hxg6 fxg6 63. Kh2 Qf2 64. Qe5 Qf5 65. Qe8+ Kg7 66. Qe7+ Qf7 67. Qe5+ Qf6 68. Qc7+ Kf8 69. Qb8+ Kg7 70. Qc7+ Qf7 71. Qe5+ Kf8 72. Qb8+ Ke7 73. Qc7+ Kf6 74. Qf4+ Ke6 75. Qe4+ Kd6 76. Qb4+ Ke5 77. Qc3+ Ke4 78. Qc2+ Ke3 79. Qc3+ Ke4 80. Qc2+ Kd4 81. Qd2+ Kc5 82. Qa5+ Kd6 83. Qb6+ Ke7 84. Qc7+ Kf8 85. Qb8+ Kg7 86. Qe5+ Kh7 87. Qc3 Qf4+ 88. Kg1 Qd6 89. Kf2 Qb6+ 90. Kg3 Qb8+ 91. Kh3 h5 92. Qf6 Qb7 93. Kh2 Qb8+ 94. Kh3 Kh6 95. Qc3 Qg8 96. Qd4 Qb3+ 97. Kh2 Qb8+ 98. Kh3 Qc8+ 99. Kg3 Qg4+ 0-1

[Event "AUT-ch U12"]
[Site "Linz"]
[Date "2013.05.20"]
[Round "6"]
[White "Weissensteiner, Lukas"]
[Black "Morgunov, Marc"]
[Result "1/2-1/2"]
[WhiteElo "1304"]
[BlackElo "1539"]
[PlyCount "71"]
[EventDate "2013.05.18"]
[EventType "swiss"]
[EventRounds "7"]
[EventCountry "AUT"]
[SourceTitle "EXT 2015"]
[Source "ChessBase"]
[SourceDate "2014.11.20"]
[SourceVersion "1"]
[SourceVersionDate "2014.11.20"]
[SourceQuality "1"]

1. e4 d6 2. d4 Nf6 3. Nc3 Nbd7 4. Nf3 e5 5. Bc4 Be7 6. 0-0 0-0 7. h3 c6 8. a4 a5 9. Re1 Qc7 10. Bg5 Re8 11. Qd2 exd4 12. Nxd4 Ne5 13. Bb3 Qb8 14. Bf4 Rd8 15. Rad1 Bd7 16. Qe2 Qc7 17. Qd2 Rac8 18. Qe2 Rb8 19. Kh1 b6 20. Kg1 Qb7 21. Bxe5 dxe5 22. Nf3 Qc7 23. Ng5 Rf8 24. Qc4 Be8 25. Rd2 h6 26. Nf3 Bd7 27. Nd5 Nxd5 28. exd5 Rbc8 29. Nxe5 cxd5 30. Qxc7 Rxc7 31. Nxd7 Rxd7 32. Rxd5 Rxd5 33. Bxd5 Bf6 34. b3 Rc8 35. Be4 Rd8 36. Bd3 1/2-1/2

[Event "AUT-ch U12"]
[Site "Linz"]
[Date "2013.05.19"]
[Round "4"]
[White "Kain, Peter Maximilian"]
[Black "Weissensteiner, Lukas"]
[Result "1/2-1/2"]
[WhiteElo "1725"]
[BlackElo "1304"]
[PlyCount "80"]
[EventDate "2013.05.18"]
[EventType "swiss"]
[EventRounds "7"]
[EventCountry "AUT"]
[SourceTitle "EXT 2015"]
[Source "ChessBase"]
[SourceDate "2014.11.20"]
[SourceVersion "1"]
[SourceVersionDate "2014.11.20"]
[SourceQuality "1"]

1. e4 e5 2. Nf3 Nc6 3. Bb5 a6 4. Ba4 Nf6 5. 0-0 Be7 6. Re1 b5 7. Bb3 0-0 8. c3 d6 9. d3 Na5 10. Bc2 c5 11. h3 h6 12. Nbd2 Bd7 13. Nf1 Rc8 14. Ng3 Qc7 15. Nh4 Rfd8 16. Nhf5 Bxf5 17. Nxf5 d5 18. f3 c4 19. d4 dxe4 20. fxe4 Nc6 21. d5 Bc5+ 22. Kh1 Ne7 23. Nxe7+ Qxe7 24. Qf3 Ne8 25. Qg4 Nf6 26. Qg3 Nh5 27. Qf3 Nf6 28. Rf1 Rd6 29. Be3 Bxe3 30. Qxe3 Nh5 31. a4 Rg6 32. Rf3 Nf4 33. axb5 axb5 34. Ra7 Qh4 35. Qf2 Qd8 36. Rg3 Qh4 37. Rf3 Qd8 38. Rg3 Qh4 39. Rf3 Qd8 40. Rg3 Qh4 1/2-1/2

[Event "AUT-ch U10 Boys+Girls"]
[Site "Imst"]
[Date "2011.06.24"]
[Round "2.9"]
[White "Weissensteiner, Lukas"]
[Black "Bitsche, Martin"]
[Result "1-0"]
[WhiteElo "1371"]
[BlackElo "1425"]
[PlyCount "54"]
[EventDate "2011.06.24"]
[EventType "swiss"]
[EventRounds "7"]
[EventCountry "AUT"]
[SourceTitle "EXT 2024"]
[Source "ChessBase"]
[SourceDate "2023.10.10"]
[SourceVersion "1"]
[SourceVersionDate "2023.10.10"]
[SourceQuality "1"]

1. e4 Nf6 2. e5 Nd5 3. Nf3 d6 4. exd6 exd6 5. d4 Bg4 6. Be2 Qe7 7. 0-0 Nc6 8. Re1 0-0-0 9. Bc4 Qd7 10. Bxd5 Qf5 11. Be4 Qh5 12. Nbd2 d5 13. Bd3 Bd6 14. h3 Bxf3 15. Nxf3 Nb4 16. c3 Nxd3 17. Qxd3 g5 18. Bxg5 Rhg8 19. Qf5+ Kb8 20. h4 f6 21. Qxf6 Rdf8 22. Qh6 Qg4 23. Ne5 Qf5 24. f4 Bxe5 25. dxe5 Qd3 26. Rad1 Qg6 27. Qxg6 hxg6 1-0